000 00714cam a2200229 a 4500
008
020 _a0073403822 (pbk.)
049 _aMAIN
090 _aLB3051
_bFOU
245 0 0 _aFoundations of meaningful educational assessment /
_cDiann Musial... [et al.]
260 _aBoston :
_bMcGraw-Hill Higher Education,
_cc2009.
300 _axxii, 521 p. :
_bill. ;
_c24 cm.
504 _aIncludes bibliographical references.
500 _aIncludes index.
650 0 _aEducational tests and measurements.
700 1 _aMusial, Diann.
907 _a.b10293073
_b25-07-12
_c10-03-11
003
005 20230123125203.0
040 _cNUST
942 _cBOOKS
_kLB3051
_mFOU
999 _c137221
_d137221